Metodologické východiská modelovania a ohodnocovania celostnej kompetentnosti subjektov manažmentu
Potreba celostného ponímania kompetentnosti, interpretácií samotného pojmu kompetentnosť a kompetencia, potreba ohodnocavania, nie hodnotenia kompetentnosti a náčrt možností ohodnocovania na konkrétnych príkladoch získaných prieskumom.
Gespeichert in:
| 1. Verfasser: | |
|---|---|
| Weitere Verfasser: | , |
| Format: | Buchkapitel |
| Sprache: | Slowakisch |
| Schlagworte: | |
| Tags: |
Keine Tags, Fügen Sie das erste Tag hinzu!
|
MARC
| LEADER | 00000naa a2200000 4500 | ||
|---|---|---|---|
| 001 | 0156643 | ||
| 005 | 20240502072733.1 | ||
| 041 | 0 | |a slo | |
| 044 | |a SK | ||
| 245 | 1 | 0 | |a Metodologické východiská modelovania a ohodnocovania celostnej kompetentnosti subjektov manažmentu |c Ján Porvazník, Tomáš Frečka, Zuzana Skorková |
| 520 | |a Potreba celostného ponímania kompetentnosti, interpretácií samotného pojmu kompetentnosť a kompetencia, potreba ohodnocavania, nie hodnotenia kompetentnosti a náčrt možností ohodnocovania na konkrétnych príkladoch získaných prieskumom. | ||
| 610 | 2 | 0 | |a kompetencie |
| 610 | 2 | 0 | |a zručnosti |
| 610 | 2 | 0 | |a manažment |
| 610 | 2 | 0 | |a manažéri |
| 100 | 1 | |a Porvazník, Ján | |
| 700 | 1 | |a Frečka, Tomáš | |
| 700 | 1 | |a Skorková, Zuzana, 1979- | |